000 002510000a22000970004500
100 1 _aFritz, Volkmar
245 1 0 _aDie fremdvölkersprüche des Amos
300 _aVol. 37, Num 1 (Enero, 1987), Páginas 26-38
773 0 _tVetus Testamentum
942 _cANA
999 _c57275
_d57275